Communication in our lives

Guardat en:
Dades bibliogràfiques
Autor principal: Wood, Julia T
Format: Llibre
Idioma:Undetermined
Publicat: Belmont, CA Thomson, Wadsworth 2006
Matèries:
Accés en línia:http://lrc.tdmu.edu.vn/opac/search/detail.asp?aID=2&ID=7327
Etiquetes: Afegir etiqueta
Sense etiquetes, Sigues el primer a etiquetar aquest registre!
Thư viện lưu trữ: Trung tâm Học liệu Trường Đại học Thủ Dầu Một
LEADER 00558nam a2200193Ia 4500
001 TDMU_7327
008 210410s9999 xx 000 0 und d
082 |a 302.2 
090 |b W432 
100 |a Wood, Julia T 
245 0 |a Communication in our lives 
245 0 |c Julia T. Wood 
260 |a Belmont, CA 
260 |b Thomson, Wadsworth 
260 |c 2006 
300 |a xxvii, 473 p. 
650 |a Communication 
856 |u http://lrc.tdmu.edu.vn/opac/search/detail.asp?aID=2&ID=7327 
980 |a Trung tâm Học liệu Trường Đại học Thủ Dầu Một